Luyện kỹ năng viết tiếng Anh (Trình độ nâng cao) = The guinness guide tom better English

Đã lưu trong:
书目详细资料
主要作者: Gooden, Philip
格式: 图书
语言:Undetermined
出版: Thành phố Hồ Chí Minh Nhà xuất bản Thành phố Hồ Chí Minh 2001
主题:
标签: 添加标签
没有标签, 成为第一个标记此记录!
Thư viện lưu trữ: Trung tâm Học liệu Trường Đại học Cần Thơ
LEADER 00751nam a2200229Ia 4500
001 CTU_64185
008 210402s9999 xx 000 0 und d
020 |b 48000 
020 |c 48000 
082 |a 808.06 
082 |b G694 
100 |a Gooden, Philip 
245 0 |a Luyện kỹ năng viết tiếng Anh (Trình độ nâng cao) = 
245 4 |b The guinness guide tom better English 
245 0 |c Philip Gooden; Nguyễn Thành Yến biên dịch 
260 |a Thành phố Hồ Chí Minh 
260 |b Nhà xuất bản Thành phố Hồ Chí Minh 
260 |c 2001 
650 |a English language 
650 |x Technical writing 
904 |i Minh 
980 |a Trung tâm Học liệu Trường Đại học Cần Thơ